000 nam a22 7a 4500
999 _c8091
_d8091
008 171127b xxu||||| |||| 00| 0 eng d
100 _aJagtiani.D.
_94537
245 _aFruit Preservation
260 _aNew Delhi
_c1991